Statistics for 中国河口城市 China cities at the intersection of rivers

Click here to take the quiz!

General Stats

  • This quiz has been taken 75 times
  • The average score is 9 of 19

Answer Stats

河流1河流2城市% Correct
长江嘉陵江重庆
96%
长江汉江武汉
94%
钱塘江京杭运河杭州
81%
长江洞庭湖岳阳
78%
汉江丹江丹江口
65%
漓江桃花江桂林
57%
湟水北川河/南川河西宁
48%
金沙江岷江宜宾
46%
岷江大渡河乐山
43%
长江沱江泸州
41%
贡水章水赣州
41%
沂河祊河临沂
39%
图们江噶呀河图们
38%
废黄河京杭运河淮安
38%
子牙河京杭运河天津
35%
东江新丰江河源
23%
黑龙江松花江同江
22%
浈江武江韶关
20%
黔江郁江桂平
13%

Score Distribution

Percentile by Number Answered

Percent of People with Each Score

Your Score History

You have not taken this quiz